Hymns of the Atharva-Veda : (Record no. 67361)
[ view plain ]
| 000 -LEADER | |
|---|---|
| fixed length control field | 00955cam a2200241 a 4500 |
| 001 - CONTROL NUMBER | |
| control field | sa 66000643 |
| 003 - CONTROL NUMBER IDENTIFIER | |
| control field | DLC |
| 005 - DATE AND TIME OF LATEST TRANSACTION | |
| control field | 20260227112216.0 |
| 008 - FIXED-LENGTH DATA ELEMENTS--GENERAL INFORMATION | |
| fixed length control field | 821004r19641897ii b 001 0 eng |
| 010 ## - LIBRARY OF CONGRESS CONTROL NUMBER | |
| LC control number | sa 66000643 |
| 040 ## - CATALOGING SOURCE | |
| Original cataloging agency | DLC |
| Transcribing agency | DLC |
| 050 00 - LIBRARY OF CONGRESS CALL NUMBER | |
| Classification number | BL1114.84 |
| Item number | .E5 1964 |
| 130 0# - MAIN ENTRY--UNIFORM TITLE | |
| Uniform title | Vedas. |
| Name of part/section of a work | Atharvaveda (Śaunakasaṃhitā). |
| Form subheading | Selections. |
| Language of a work | English. |
| 245 10 - TITLE STATEMENT | |
| Title | Hymns of the Atharva-Veda : |
| Remainder of title | together with extracts from the ritual books and the commentaries / |
| Statement of responsibility, etc. | translated by Maurice Bloomfield. |
| 260 ## - PUBLICATION, DISTRIBUTION, ETC. | |
| Place of publication, distribution, etc. | Delhi : |
| Name of publisher, distributor, etc. | Motilal Banarsidass |
| Date of publication, distribution, etc. | 1964. |
| 300 ## - PHYSICAL DESCRIPTION | |
| Extent | lxxiv, 716 p. ; |
| Dimensions | 23 cm. |
| 440 #0 - SERIES STATEMENT/ADDED ENTRY--TITLE | |
| Title | Sacred books of the East series ; |
| Volume/sequential designation | v. 42 |
| 440 #0 - SERIES STATEMENT/ADDED ENTRY--TITLE | |
| Title | UNESCO collection of representative works. |
| Name of part/section of a work | Indian series |
| 500 ## - GENERAL NOTE | |
| General note | Reprint. Originally published: Oxford : Clarendon Press, 1897. |
| 546 ## - LANGUAGE NOTE | |
| Language note | Translated from Sanskrit. |
| 504 ## - BIBLIOGRAPHY, ETC. NOTE | |
| Bibliography, etc. note | Includes bibliographical references and indexes. |
| 700 1# - ADDED ENTRY--PERSONAL NAME | |
| Personal name | Bloomfield, Maurice, |
| Dates associated with a name | 1855-1928. |
No items available.